[Event "11th Marienbad IMB2"]
[Site "Marianske Lazne CZE"]
[Date "2012.01.23"]
[Round "3"]
[White "Roesemann,R"]
[Black "Vlasak,Lu"]
[Result "1-0"]
[WhiteElo "2302"]
[BlackElo "2292"]

1.c4 e5 2.g3 Nf6 3.Bg2 c6 4.d4 exd4 5.Qxd4 Na6 6.Nc3 Be7 7.Nf3 d5 8.cxd5 Nb4
9.Qd2 Nbxd5 10.Nxd5 Nxd5 11.O-O O-O 12.e4 Nb4 13.Qc3 Qd3 14.Bd2 Be6 15.a3 Qxc3
16.Bxc3 Na6 17.Nd4 Nc7 18.Nxe6 Nxe6 19.Rfd1 Rad8 20.Kf1 Bc5 21.b4 Bd4 22.Bxd4 Nxd4
23.Rd3 b6 24.Rad1 c5 25.bxc5 bxc5 26.Rc1 Rb8 27.Bh3 Rb3 28.Rcc3 Rfb8 29.Rxb3 Nxb3
30.Rd7 a5 31.e5 Nd4 32.Rc7 Nb5 33.Rxc5 Nxa3 34.Rxa5 Nc4 35.Rc5 Nd2+ 36.Ke2 Ne4
37.Rc8+ Rxc8 38.Bxc8 Kf8 39.Ke3 Nc3 40.f4 Ke7 41.Bg4 Nd5+ 42.Kd4 Nc7 43.Kc5 g6
44.Bc8 f6 45.Kc6 Ne8 46.Bd7 Ng7 47.exf6+ Kxf6 48.g4 Ke7 49.h3 h6 50.Kc7 Kf7
51.h4 Ke7 52.Kc6 h5 53.g5 Ne6 54.Bxe6 Kxe6 55.Kc5 Kf5 56.Kd6 Kg4  1-0

[Event "11th Marienbad Open"]
[Site "Marianske Lazne CZE"]
[Date "2012.01.24"]
[Round "5"]
[White "Golcman,E"]
[Black "Brem,S"]
[Result "1-0"]
[WhiteElo "2252"]
[BlackElo "2116"]

1.c4 e5 2.g3 d6 3.Bg2 f5 4.Nf3 Nf6 5.O-O Be7 6.d3 O-O 7.c5 a5 8.cxd6 cxd6
9.Qb3+ Kh8 10.Nc3 Nc6 11.e4 f4 12.gxf4 Nh5 13.f5 g6 14.d4 gxf5 15.dxe5 dxe5
16.Bh6 Rf6 17.Bg5 Rg6 18.h4 h6 19.Qf7 Qg8 20.Qxg8+ Kxg8 21.Bxe7 Nf4 22.Bg5 hxg5
23.Nxg5 Rh6 24.Nf3 Nd4 25.Rfd1 Nxf3+ 26.Bxf3 Be6 27.exf5 Bxf5 28.Nd5 Nh3+
29.Kf1 Kf7 30.Ne3 Be6 31.Ng4 Rg8 32.Nxh6+  1-0

[Event "11th Marienbad GMA"]
[Site "Marianske Lazne CZE"]
[Date "2012.01.26"]
[Round "7"]
[White "Talla,V"]
[Black "Wieczorek,O"]
[Result "1/2-1/2"]
[WhiteElo "2400"]
[BlackElo "2336"]

1.c4 e5 2.g3 Nf6 3.Bg2 d5 4.cxd5 Nxd5 5.Nf3 Nc6 6.O-O Nb6 7.d3 Be7 8.Nbd2 O-O
9.a3 a5 10.b3 Be6 11.Bb2 f6 12.Qc2 Qd7 13.Rfd1 Rfd8 14.Nc4 Nxc4 15.dxc4 Qe8
16.Rxd8 Rxd8 17.Rd1 Rxd1+ 18.Qxd1 a4 19.Nd2 Qd7 20.Qc2 Nd4 21.Bxd4 Qxd4 22.Bxb7 axb3
23.Nxb3 Qxc4 24.Qxc4 Bxc4 25.Na5 Bb5 26.Bd5+ Kf8 27.Nc4 c6 28.Be6 Bc5 29.Kf1 Ke7
30.Bg8 h5 31.Ke1 g5 32.e3 h4 33.Kd2 Bxc4 34.Bxc4 Bxa3 35.gxh4 gxh4 36.e4 Kf8
37.h3 Kg7 38.f3 Kh8 39.Be6 Kg7 40.Kd3 Kf8 41.Bg4 Bc5 42.Bh5 Bd4 43.Bg4 Ke8
44.Kc4 Ba7 45.Kd3 Bd4 46.Kc4 Kf8 47.Kd3 Ba7 48.Bh5 Kg7 49.Bg4 Bg1  1/2-1/2

[Event "11th Marienbad IMB2"]
[Site "Marianske Lazne CZE"]
[Date "2012.01.26"]
[Round "7"]
[White "Roesemann,R"]
[Black "Pon,N"]
[Result "0-1"]
[WhiteElo "2302"]
[BlackElo "2108"]

1.c4 e5 2.g3 f5 3.d4 exd4 4.Qxd4 Nc6 5.Qe3+ Qe7 6.Nc3 Nb4 7.Qd2 c6 8.Bg2 Nf6
9.a3 Na6 10.b4 d5 11.Nf3 g6 12.Nd4 Nc7 13.b5 c5 14.Nc2 Bg7 15.Ne3 O-O 16.Bb2 Rb8
17.O-O Be6 18.Rfd1 Rfd8 19.Qc2 Qf7 20.Ncxd5 Nfxd5 21.Bxd5 Bxd5 22.Nxd5 Nxd5
23.Rxd5 Rd7 24.Rad1 Bxb2 25.Qxb2 Rbd8 26.h4 Qe6 27.R1d2 f4 28.Qc3 Rf8 29.Qd3 fxg3
30.Qxg3 Rdf7 31.f3 Kg7 32.Rd6 Qxc4 33.Qe5+ Kg8 34.Rd7 Qxh4 35.Rxf7 Rxf7 36.Qe8+ Kg7
37.Qe5+ Kh6 38.Qe3+ Qg5+ 39.Qxg5+ Kxg5 40.Rd5+ Rf5 41.Rd7 c4 42.Rc7 Rxb5
43.Rxc4 h5 44.Kf2 Kf5 45.Kg3 g5 46.e4+ Kf6 47.a4 Rb3 48.Kg2 g4 49.fxg4 hxg4
50.e5+ Kxe5 51.Rxg4 Kd5 52.Kf2 Kc5 53.Ke2 Rb4 54.Rg7 Kb6 55.Kd3 Rxa4 56.Kc3 Rf4
57.Kb3 a5 58.Rg6+ Kb5 59.Rg5+ Ka6 60.Rg8 Rb4+ 61.Ka3 Rc4 62.Kb3 Kb5 63.Rg7 a4+
64.Ka3 Rc3+ 65.Kb2 Rb3+ 66.Ka2 Ka5 67.Rg8 b5 68.Rh8 Rc3 69.Kb2 Kb4 70.Rh4+ Rc4
71.Rh2 a3+ 72.Ka2 Ka4 73.Rh8 Rc2+ 74.Kb1 Kb3 75.Rh1 b4 76.Rh3+ Rc3 77.Rh1 Rd3
78.Rg1 Rd2 79.Rg3+ Kc4 80.Kc1 a2  0-1

[Event "11th Marienbad IMB2"]
[Site "Marianske Lazne CZE"]
[Date "2012.01.28"]
[Round "9"]
[White "Roesemann,R"]
[Black "Pecha,T"]
[Result "1/2-1/2"]
[WhiteElo "2302"]
[BlackElo "2242"]

1.c4 e5 2.g3 Nf6 3.Bg2 d5 4.cxd5 Nxd5 5.Nc3 Nb6 6.Nf3 Nc6 7.O-O Be7 8.a3 O-O
9.b4 Be6 10.d3 f5  1/2-1/2

[Event "Moscow Open 2012 A"]
[Site "Moscow RUS"]
[Date "2012.01.29"]
[Round "2.58"]
[White "Lee Sanghoon"]
[Black "Balashov,Y"]
[Result "0-1"]
[WhiteElo "2142"]
[BlackElo "2442"]

1.c4 e5 2.g3 Nc6 3.Bg2 g6 4.Nc3 Bg7 5.e4 d6 6.Nge2 f5 7.d3 Nf6 8.O-O O-O
9.h3 Be6 10.Be3 fxe4 11.Nd5 Nxd5 12.cxd5 Bxd5 13.dxe4 Be6 14.Nc3 Nd4 15.Bxd4 exd4
16.Nd5 c6 17.Nf4 Bf7 18.h4 a5 19.Qd3 Qb6 20.b3 a4 21.Bh3 Rfe8 22.Rab1 axb3
23.axb3 Ra3 24.f3 Rxb3 25.Rxb3 Qxb3 26.Qxb3 Bxb3 27.Rb1 Bc2 28.Rxb7 d3 29.Nxd3 Bxd3
30.Bd7 Rf8 31.Bxc6 Rxf3 32.Bd5+ Kh8 33.Kg2 Rf8 34.Rf7 Bxe4+  0-1

[Event "Moscow Open 2012 A"]
[Site "Moscow RUS"]
[Date "2012.01.29"]
[Round "2.20"]
[White "Gagarin,V"]
[Black "Geller,J"]
[Result "0-1"]
[WhiteElo "2417"]
[BlackElo "2565"]

1.c4 e5 2.g3 Nf6 3.Bg2 d5 4.cxd5 Nxd5 5.Nc3 Nb6 6.Nf3 Nc6 7.O-O Be7 8.Rb1 a5
9.d3 O-O 10.Be3 Be6 11.Bxb6 cxb6 12.Qa4 f5 13.Rbd1 Bf6 14.e3 Bf7 15.d4 exd4
16.Nxd4 Nxd4 17.exd4 Rc8 18.Bxb7 Rc4 19.Qb5 Rxd4 20.Qxf5 Bxa2 21.Qc2 Bc4
22.Rfe1 Bd3 23.Qb3+ Kh8 24.Be4 Bc4 25.Qc2 g6 26.Kg2 Bg7 27.f3 Qf6 28.Rxd4 Qxd4
29.Rd1 Qe5 30.Rd2 b5 31.Qd1 a4 32.Bd5 a3 33.Bxc4 bxc4 34.Re2 Qf5 35.Rc2 axb2
36.Nb1 c3 37.g4 Qf7 38.Nxc3 Bxc3 39.Rxc3 Qa2 40.Qd4+ Kg8  0-1

[Event "17th HIT Open A"]
[Site "Nova Gorica SLO"]
[Date "2012.01.29"]
[Round "4"]
[White "Khudovekov,Stanislav"]
[Black "Furlan,Ales"]
[Result "1-0"]
[WhiteElo "2088"]
[BlackElo "2029"]

1.c4 e5 2.g3 d6 3.Nc3 f5 4.Nf3 Nf6 5.d4 e4 6.Ng5 Be7 7.Bg2 O-O 8.f3 h6 9.Nh3 c6
10.Qb3 exf3 11.exf3 Na6 12.O-O Nc7 13.Nf4 Qe8 14.Re1 Kh7 15.Bd2 Qf7 16.Re2 Rb8
17.Rae1 Re8 18.c5 d5 19.Nd3 Nd7 20.Bf4  1-0

[Event "17th HIT Open A"]
[Site "Nova Gorica SLO"]
[Date "2012.01.29"]
[Round "4"]
[White "Kovacevic,A"]
[Black "Jovanic,O"]
[Result "0-1"]
[WhiteElo "2557"]
[BlackElo "2483"]

1.c4 e5 2.g3 d6 3.Bg2 f5 4.Nc3 Nf6 5.d3 Be7 6.e4 fxe4 7.dxe4 c6 8.Nge2 Be6
9.b3 a6 10.a4 a5 11.h3 Qd7 12.Be3 Na6 13.f4 exf4 14.Nxf4 O-O 15.O-O Bf7 16.Ra2 Qc7
17.Raf2 Rae8 18.Nfe2 Nc5 19.Nd4 Bg6 20.Nf5 Bxf5 21.exf5 Nfd7 22.Ne2 Bf6 23.Bf4 Be5
24.Bxe5 dxe5 25.Rf3 Nf6 26.g4 h6 27.Kh1 Rd8 28.Qc1 e4 29.Re3 Rd3 30.Nf4 Rd4
31.Qc3 Rfd8 32.Nd5 Nxd5 33.Qxd4 Nxe3 34.Qxe3 Qe5 35.f6 Rd3 36.Qe1 b6 37.fxg7 e3
38.Qe2 Kxg7 39.Qf3 Qe7 40.Re1 Nxb3 41.Qxc6 e2 42.Be4 Rd6 43.Qa8 Rd1  0-1

[Event "17th HIT Open A"]
[Site "Nova Gorica SLO"]
[Date "2012.01.30"]
[Round "6"]
[White "Zupancic,J"]
[Black "Fantini,M"]
[Result "1-0"]
[WhiteElo "2160"]
[BlackElo "1982"]

1.c4 e5 2.g3 Nf6 3.Bg2 Nc6 4.Nc3 Bb4 5.Nd5 Bc5 6.Nf3 O-O 7.O-O Re8 8.d3 h6
9.a3 a5 10.Nd2 Bf8 11.Ne4 Nxe4 12.dxe4 Bc5 13.e3 d6 14.b3 Ne7 15.Bb2 Nxd5
16.exd5 Bf5 17.Qd2 Qe7 18.b4 Bb6 19.Qc3 f6 20.Rfc1 a4 21.c5 dxc5 22.bxc5 Ba5
23.Qc4 Kh8 24.Rd1 Qd7 25.Rac1 Red8 26.Bf3 Rab8 27.d6 Qe8 28.Bc3 b5 29.cxb6 Bxb6
30.dxc7 Rxd1+ 31.Bxd1 Rc8 32.Bxa4 Qh5 33.Qa6 Qh3 34.Qxb6 Be4 35.f3 Bxf3 36.Qb2 Rxc7
37.Bd1 Be4 38.a4 h5 39.Qe2 g6 40.Qf1 Qe6 41.Bf3 Bf5 42.Bb2 Ra7 43.Qb5 Qa2
44.Qb8+  1-0

[Event "ch-TUR 2012"]
[Site "Kemer TUR"]
[Date "2012.01.31"]
[Round "4"]
[White "Ikis,Melih Firat"]
[Black "Demirag,Batuhan"]
[Result "1/2-1/2"]
[WhiteElo "1913"]
[BlackElo "1624"]

1.c4 e5 2.g3 g6 3.Bg2 Bg7 4.Nc3 Nf6 5.d3 O-O 6.e3 c6 7.d4 exd4 8.exd4 Re8+
9.Nge2 d5 10.cxd5 Nxd5 11.O-O Bg4 12.Re1 Nb6 13.h3 Bxe2 14.Rxe2 Rxe2 15.Nxe2 N8d7
16.Qb3 Nf6 17.Bf4 Qd7 18.Rd1 Re8 19.Nc3 Nfd5 20.Nxd5 Nxd5 21.Bxd5 cxd5  1/2-1/2

[Event "Moscow Open 2012 A"]
[Site "Moscow RUS"]
[Date "2012.01.31"]
[Round "4.43"]
[White "Zontakh,A"]
[Black "Kuporosov,V"]
[Result "0-1"]
[WhiteElo "2566"]
[BlackElo "2413"]

1.c4 e5 2.g3 Nf6 3.Bg2 Nc6 4.Nc3 Bb4 5.Nd5 Bc5 6.e3 d6 7.Ne2 Nxd5 8.cxd5 Ne7
9.d4 Bb6 10.O-O O-O 11.b3 Bg4 12.dxe5 dxe5 13.h3 Bh5 14.Ba3 Re8 15.g4 Bg6
16.Ng3 Nc8 17.Be4 Nd6 18.Bxd6 cxd6 19.Qd3 Bxe4 20.Nxe4 Qd7 21.Ng3 g6 22.Kg2 Kg7
23.Rac1 Re7 24.Rc4 Rf8 25.g5 h6 26.h4 hxg5 27.hxg5 Rh8 28.Qe4 Ree8 29.Kf3 Rc8
30.Rfc1 Rxc4 31.Rxc4 Bd8 32.Qg4 Qb5 33.e4 Bb6 34.Kg2 Qa5 35.Qf3 Bd8 36.Ra4 Qc5
37.Rc4 Qa5 38.Rc8 Rh4 39.Qe3 Bb6 40.Qe2 Bc5 41.Qc2 b6 42.Qb2 Qe1 43.Rxc5 bxc5
44.Qc2 Rg4 45.a3 a5 46.Qd3 Rxg5 47.Kf3 Qc1 48.a4 Qf4+ 49.Ke2 Rg4 50.Qc2 Rh4
51.Kf1 Qf3 52.Qd2 Rh2 53.Ke1 Rg2  0-1

[Event "ch-TUR 2012"]
[Site "Kemer TUR"]
[Date "2012.02.01"]
[Round "6"]
[White "Yalcin,Ozgun"]
[Black "Kilic,I"]
[Result "0-1"]
[WhiteElo "1836"]
[BlackElo "2067"]

1.c4 e5 2.g3 c5 3.Bg2 g6 4.Nc3 Bg7 5.Nf3 Ne7 6.O-O O-O 7.Ne1 Nbc6 8.Nc2 d6
9.Ne3 Be6 10.d3 Qd7 11.Ned5 Bh3 12.Bg5 Bxg2 13.Kxg2 f6 14.Bd2 Nxd5 15.Nxd5 Ne7
16.Rb1 Nxd5 17.cxd5 Rac8 18.b3 f5 19.e4 Qb5 20.Bc1 Rf7 21.f3 a6 22.Be3 Rcf8
23.Qe2 h5 24.Bg5 Kh7 25.h3 Qd7 26.b4 Rc8 27.Rb2 cxb4  0-1

[Event "Moscow Open 2012 A"]
[Site "Moscow RUS"]
[Date "2012.02.01"]
[Round "5.31"]
[White "Chadaev,N"]
[Black "Efanov,N"]
[Result "1-0"]
[WhiteElo "2556"]
[BlackElo "2418"]

1.c4 e5 2.g3 c6 3.Nf3 e4 4.Nd4 d5 5.cxd5 Qxd5 6.e3 Bc5 7.Nc3 Qe5 8.Nb3 Bb6
9.d3 Nf6 10.Bg2 exd3 11.Qxd3 O-O 12.O-O Qh5 13.Qe2 Bg4 14.f3 Bh3 15.Kh1 Nd5
16.e4 Nxc3 17.bxc3 Nd7 18.Ba3 Rfe8 19.Rad1 Rad8 20.Bxh3 Qxh3 21.Bd6 Nf6 22.Bc5 Bxc5
23.Nxc5 Qc8 24.Kg2 b6 25.Nb3 g6 26.Nd4 Nd7 27.Rd2 b5 28.Rfd1 Nb6 29.Nc2 Rxd2
30.Qxd2 Qe6 31.Nd4 Qc4 32.h4 h5 33.Ne2 Kh7 34.Nf4 Kg8 35.Kh3 Qc5 36.Qd4 Qe7
37.Qb4 Kf8 38.Rd6 Rc8 39.Qd4 Kg8 40.Kh2 Kh7 41.e5 c5 42.Qe4 Re8 43.Nxg6 Qxd6
44.Ne7+  1-0

[Event "17th HIT Open A"]
[Site "Nova Gorica SLO"]
[Date "2012.02.01"]
[Round "8"]
[White "Neverov,V"]
[Black "Zorko,Ju"]
[Result "0-1"]
[WhiteElo "2541"]
[BlackElo "2460"]

1.c4 e5 2.g3 Nc6 3.Bg2 Nf6 4.Nc3 Bc5 5.e3 O-O 6.Nge2 Re8 7.d3 d6 8.O-O Bf5
9.h3 e4 10.d4 Bb4 11.Nd5 Ba5 12.Nxf6+ Qxf6 13.a3 Bb6 14.b4 a5 15.Bd2 Ne7
16.c5 Ba7 17.Nc3 d5 18.f3 Qe6 19.g4 Bg6 20.fxe4 dxe4 21.h4 h6 22.Rf4 Nd5
23.Nxd5 Qxd5 24.Qc2 c6 25.Raf1 Re7 26.bxa5 Bb8 27.h5 Bh7 28.Rf5 Bxf5 29.Rxf5 Qe6
30.Bf1 Bc7 31.Bc4 Qd7 32.Be1 Kh7 33.Qf2 f6 34.a6 bxa6 35.Qc2 a5 36.Kg2 Rb8
37.Kh3 Rb7 38.Bc3 Ra7 39.d5 cxd5 40.Rxd5 Qc8 41.Rd4 f5 42.Rd5 fxg4+ 43.Kg2 Qf8
44.Be2 Qf7 45.Qd2 Ra8 46.Bxg4 Rf8 47.Rf5 Qe8 48.Rxf8 Qxf8 49.Qd5 Qe8 50.Bf5+ Kh8
51.Bg6 Qc8 52.Bxe4 Qa6 53.Kf2 Qb5 54.Bd3 Qe8  0-1

[Event "Moscow Open 2012 A"]
[Site "Moscow RUS"]
[Date "2012.02.02"]
[Round "6.88"]
[White "Lee Sanghoon"]
[Black "Sarana,A"]
[Result "1-0"]
[WhiteElo "2142"]
[BlackElo "2045"]

1.c4 e5 2.g3 Nf6 3.Bg2 d5 4.cxd5 Nxd5 5.Nc3 Nb6 6.Nf3 Nc6 7.O-O Be7 8.a3 O-O
9.b4 Be6 10.d3 f6 11.Bb2 Qd7 12.Rc1 a5 13.b5 Nd4 14.Nxd4 exd4 15.Na4 Qxb5
16.Rxc7 Bd8 17.Nxb6 Ra6 18.Rxb7 Rxb6 19.Rxb6 Qxb6 20.Qa1 Be7 21.Bxd4 Qb3
22.a4 Rb8 23.Bc6 Qc2 24.Bb5 Bh3 25.Qd1 Qc8 26.Qb3+ Kh8 27.Rb1 Qb7 28.f3 Qc7
29.Qc3 Qd6 30.Be3 Qe6 31.Kf2 Bd8 32.Qc4 Qe7 33.Bc5 Qe5 34.Qd4 Qh5 35.Qd6 h6
36.g4 Qh4+ 37.Qg3 f5 38.Bd6 Rc8 39.Qxh4 Bxh4+ 40.Bg3 Bf6 41.Bd7 Bd4+ 42.Ke1 Rc2
43.Rb8+ Kh7 44.Bxf5+ g6 45.Rb7+ Kg8 46.Kd1 Rc6 47.Be4 Rc3 48.Rb3  1-0

[Event "Moscow Open 2012 A"]
[Site "Moscow RUS"]
[Date "2012.02.03"]
[Round "7.55"]
[White "Looshnikov,N"]
[Black "Rozhkov,Ve"]
[Result "1-0"]
[WhiteElo "2497"]
[BlackElo "2282"]

1.c4 e5 2.g3 Nf6 3.Bg2 c6 4.d4 e4 5.d5 cxd5 6.cxd5 Qa5+ 7.Nc3 Bc5 8.e3 d6
9.Bd2 Qd8 10.Nxe4 Nxd5 11.Rc1 Na6 12.a3 O-O 13.Ne2 Bb6 14.O-O Nc5 15.N2c3 Nxc3
16.Bxc3 Nxe4 17.Bxe4 Qe7 18.Qf3 Rb8 19.Rfd1 Re8 20.Bd5 Be6 21.h4 h6 22.Kg2 a5
23.Rd2 a4 24.Bxe6 Qxe6 25.Qf4 Bc5 26.Qxa4 Qg6 27.Qc2 f5 28.Rd5 Bxe3 29.Re1 Ba7
30.Qxf5 Qxf5 31.Rxf5 Rxe1 32.Bxe1 Bd4 33.b3 Be5 34.h5 Rf8 35.Rxf8+ Kxf8 36.f4 Bb2
37.Bb4 Ke7 38.Kf3 Ke6 39.a4 b6 40.g4 Kd5 41.Ke3 Bc1+ 42.Bd2 Bb2 43.Kd3 Bf6
44.Be3  1-0

[Event "Moscow Open 2012 A"]
[Site "Moscow RUS"]
[Date "2012.02.03"]
[Round "7.14"]
[White "Kurnosov,I"]
[Black "Romanishin,O"]
[Result "1/2-1/2"]
[WhiteElo "2648"]
[BlackElo "2541"]

1.c4 e5 2.g3 Nf6 3.Bg2 c6 4.d4 Bb4+ 5.Bd2 Bxd2+ 6.Qxd2 d6 7.Nc3 O-O 8.e3 Be6
9.b3 exd4 10.Qxd4 d5 11.cxd5 Nxd5 12.Nge2 Qa5 13.Qa4 Qxa4 14.Nxa4 Na6 15.Nd4 Ndc7
16.O-O-O Rfd8 17.Rd2 Kf8 18.Rhd1 Ke7 19.h3 g6 20.g4 Bd7 21.Nb2 Ne6 22.Nc4 Nxd4
23.Rxd4 Be6 24.Na5 Rxd4 25.Rxd4 Rb8 26.Kb2 Bd7 27.g5 Nc5 28.h4 Rc8 29.b4 Ne6
30.Rc4 Nd8 31.Rc3 b6 32.Nb3 Ne6 33.Nd4 Nxd4 34.exd4 Kd6 35.Re3 Be6 36.a4 a5
37.bxa5 bxa5 38.Rc3 c5 39.dxc5+ Rxc5 40.Rd3+ Ke7 41.Rd4 Bf5 42.Be4 Ke6  1/2-1/2

[Event "Moscow Open 2012 A"]
[Site "Moscow RUS"]
[Date "2012.02.05"]
[Round "9.11"]
[White "Romanov,E"]
[Black "Kornev,Alexei"]
[Result "1-0"]
[WhiteElo "2628"]
[BlackElo "2530"]

1.g3 e5 2.c4 c6 3.d4 Bb4+ 4.Bd2 Bxd2+ 5.Qxd2 d6 6.Nc3 Nf6 7.Bg2 O-O 8.e3 Re8
9.Nge2 Nbd7 10.O-O Qe7 11.h3 h5 12.e4 exd4 13.Nxd4 Ne5 14.Qe2 Ng6 15.f4 Qc7
16.Kh1 Bd7 17.Qd2 Rad8 18.Rad1 Bc8 19.Qc1 a6 20.a3 c5 21.Nc2 Bd7 22.Ne3 Bc6
23.Ned5 Bxd5 24.Nxd5 Nxd5 25.Rxd5 h4 26.g4 b5 27.Rh5 f6 28.g5 Rf8 29.f5 Ne5
30.g6 Rfe8 31.Qd1 Kf8 32.Qd5 Qd7 33.cxb5 axb5 34.Rh7 Rc8 35.Rf4 Qc6 36.Rh8+ Ke7
37.Qe6+ Kd8 38.Rxe8+ Qxe8 39.Qxd6+ Qd7 40.Qf8+ Kc7 41.Qxc5+ Kb7 42.Qd5+ Qxd5
43.exd5 Rc1+ 44.Kh2 Rc2 45.Kg1 Rc1+ 46.Rf1 Rc2 47.Re1 Kc7 48.Rxe5 fxe5 49.f6 Kd6
50.f7 Rc8 51.Kf2 Ke7 52.Ke3 Rd8 53.Be4 Rd6 54.b3 Ra6 55.Bf5 Kf8 56.Ke4 Rxa3
57.d6 Ra2 58.d7 Rd2 59.Kxe5 Ke7 60.Be6 b4 61.Kf5 Ra2 62.d8=Q+  1-0

[Event "TCh-CAT 2012"]
[Site "Catalunya ESP"]
[Date "2012.02.11"]
[Round "3.7"]
[White "Gonzalez Freixas,A"]
[Black "Fernandez Cazorla,A"]
[Result "1/2-1/2"]
[WhiteElo "2155"]
[BlackElo "2260"]

1.c4 e5 2.g3 Nf6 3.Bg2 d5 4.cxd5 Nxd5 5.Nf3 Nc6 6.O-O Be7 7.d4 e4 8.Ne5 f5
9.Nxc6 bxc6 10.Nc3 Be6 11.Qa4 Qd7 12.f3 exf3 13.Bxf3 O-O 14.Nxd5 Bxd5 15.Bf4 Rfb8
16.e3 Rxb2 17.Rf2 Rxf2 18.Kxf2 Bxf3 19.Kxf3 Qd5+ 20.Kf2 Rb8 21.Rc1 Rb2+ 22.Rc2 Qb5
23.Qxb5 Rxc2+ 24.Qe2 Rxe2+ 25.Kxe2 Bd6 26.Kd3 Kf7 27.e4 Bxf4 28.gxf4 fxe4+
29.Kxe4 Ke6 30.f5+ Kd6 31.h4 c5 32.dxc5+ Kxc5 33.Ke5 Kb5 34.Ke6 c5 35.Kf7 c4
36.Kxg7 c3 37.f6 c2 38.f7 c1=Q 39.f8=Q Qc7+  1/2-1/2

[Event "TCh-FIN SM-Liiga 2011-12"]
[Site "Salo FIN"]
[Date "2012.02.11"]
[Round "8.2"]
[White "Kiik,K"]
[Black "Hurme,H"]
[Result "1-0"]
[WhiteElo "2406"]
[BlackElo "2258"]

1.c4 e5 2.g3 Nf6 3.Bg2 d5 4.cxd5 Nxd5 5.Nc3 Nb6 6.d3 Be7 7.a3 a5 8.Be3 O-O
9.Rc1 c6 10.Nf3 N8d7 11.O-O Re8 12.Qb3 Nc5 13.Qc2 Nbd7 14.Rfd1 a4 15.d4 Nb3
16.Rb1 exd4 17.Nxd4 Nxd4 18.Rxd4 Bf6 19.Rxa4 Rxa4 20.Nxa4 Ne5 21.Rd1 Qe7
22.Bc5 Qe6 23.Nb6 h5 24.h3 Qa2 25.f4 Ng6 26.Nxc8 Rxc8 27.h4 Nf8 28.Rd2 Ne6
29.Bb6 Re8 30.e3 Ra8 31.Bf1 Nf8 32.Bc4 Qxb2 33.Qxb2 Bxb2 34.Rxb2 Rxa3 35.Kf2 Nd7
36.Be2 g6 37.e4 Kf8 38.e5 Ke7 39.Bc7 Ra7 40.Bd6+ Ke8 41.Bf3 Kd8 42.g4 hxg4
43.Bxg4 Ke8 44.Kg3 f5 45.exf6 Nxf6 46.Re2+  1-0

[Event "TCh-FIN SM-Liiga 2011-12"]
[Site "Sastamala FIN"]
[Date "2012.02.11"]
[Round "8.4"]
[White "Niemi,M"]
[Black "Topi Hulmi,T"]
[Result "1/2-1/2"]
[WhiteElo "2253"]
[BlackElo "2279"]

1.c4 e5 2.g3 Nc6 3.Bg2 g6 4.Nc3 Bg7 5.Rb1 d6 6.b4 a6 7.d3 f5 8.a4 Nf6 9.b5 axb5
10.axb5 Ne7 11.Qb3 O-O 12.Nf3 h6 13.c5+ Kh7 14.cxd6 cxd6 15.O-O g5 16.Ba3 Be6
17.Qxe6 Rxa3 18.Rfc1 Qd7 19.Qxd7 Nxd7 20.Nd2 e4 21.Ncxe4 fxe4 22.Bxe4+ Ng6
23.Rc2 Nc5 24.Nc4 Rc3 25.Rxc3 Bxc3 26.Nxd6 Nxe4 27.Nxe4 Bd4 28.e3 Bb6 29.d4 Ne7
30.Nd6 Rb8 31.Rc1 Kg6 32.Kg2 Kf6 33.f4 Ke6 34.Nc4 Rc8 35.Kf3 Nf5 36.Ke4 Nd6+
37.Kd3 Nxc4 38.Rxc4 Ra8 39.Ke4 Ra2 40.Rc8 Kd7 41.Rh8 gxf4 42.Rh7+ Kc8 43.gxf4 Rxh2
44.f5 Bd8 45.Ke5 Rb2 46.Rxh6 Rxb5+ 47.Ke4 Rb1 48.f6 Rf1 49.Ke5 b5 50.Kd5 Rxf6
51.Rxf6 Bxf6  1/2-1/2

[Event "16th Guingamp Open"]
[Site "Guingamp FRA"]
[Date "2012.02.19"]
[Round "2"]
[White "Serafimov,T"]
[Black "Guezennec,F"]
[Result "1-0"]
[WhiteElo "2426"]
[BlackElo "2158"]

1.c4 e5 2.g3 Nf6 3.Bg2 c6 4.d4 d6 5.dxe5 dxe5 6.Qxd8+ Kxd8 7.Nf3 Bd6 8.Nc3 h6
9.b3 Bf5 10.Bb2 Nbd7 11.O-O Ke7 12.Nd2 Rhd8 13.Nde4 Nxe4 14.Nxe4 Bb4 15.Rad1 f6
16.a3 Bxe4 17.Bxe4 Bc5 18.b4 Bb6 19.c5 Bc7 20.Rc1 a6 21.e3 Nf8 22.Rc2 Ke6
23.f4 exf4 24.gxf4 Kf7 25.Re2 Rd7 26.Bc2 Kg8 27.Kf2 Kh8 28.Rd1 Rxd1 29.Bxd1 a5
30.Bb3 axb4 31.axb4 b6 32.cxb6 Bxb6 33.Rc2 Re8 34.Bd4 Bxd4 35.exd4 Rb8 36.Rxc6 Rxb4
37.Bc4 Rb8 38.d5 Rd8 39.Ke3 h5 40.d6 g6 41.Kd4 Kg7 42.Rc7+ Kh6 43.Kd5 g5
44.f5 g4 45.Bb5 Kg5 46.d7 Kxf5 47.Kd6 Nxd7 48.Bxd7+ Kf4 49.Ke7 Rb8 50.Rc5 Rh8
51.Rf5+ Ke4 52.Rxf6 Rh7+ 53.Kd6 Rg7 54.Bc6+ Ke3 55.Rh6 Rg5 56.Be8 Ra5 57.Ke7 Kf4
58.Bf7 Ra7+ 59.Kf8 Ra3 60.Rxh5 Rh3 61.Rxh3 gxh3 62.Be6 Kg5 63.Kg7 Kh4 64.Bf5 Kg5
65.Bxh3 Kh5 66.Be6 Kg5 67.Bd7 Kh5 68.h3 Kg5 69.Bg4  1-0

[Event "Caissa GM Feb 2012"]
[Site "Kecskemet HUN"]
[Date "2012.02.19"]
[Round "2.5"]
[White "Galyas,M"]
[Black "Groszpeter,A"]
[Result "1/2-1/2"]
[WhiteElo "2467"]
[BlackElo "2490"]

1.c4 e5 2.g3 Nf6 3.Bg2 Nc6 4.Nc3 Bb4 5.e4 Bxc3 6.dxc3 d6 7.Qe2 h6 8.Nf3 Be6
9.Nd2 Qd7 10.Nf1 Bh3 11.f3 Bxg2 12.Qxg2 a6 13.Ne3 b5 14.O-O bxc4 15.f4 exf4
16.gxf4 O-O-O 17.e5 dxe5 18.fxe5 Nd5 19.Nxc4 Rhe8 20.Bf4 Nxf4 21.Rxf4 Re6
22.Qf3 f6 23.Rd4 Qe8 24.Rxd8+ Kxd8 25.exf6  1/2-1/2

[Event "TCh-HUN 2011-12"]
[Site "Komarom HUN"]
[Date "2012.02.19"]
[Round "6"]
[White "Medvegy,Z"]
[Black "Jamrich,G"]
[Result "1-0"]
[WhiteElo "2531"]
[BlackElo "2311"]

1.c4 e5 2.g3 Nc6 3.Bg2 g6 4.Nc3 Bg7 5.e4 d6 6.Nge2 Bg4 7.f3 Be6 8.d3 Nge7
9.Nd5 h6 10.Be3 Nd4 11.Nxd4 exd4 12.Bd2 c6 13.Nf4 Qd7 14.O-O O-O 15.Re1 Rab8
16.b4 a6 17.c5 Rbe8 18.Qc1 Kh7 19.cxd6 Qxd6 20.Qc5 Qd7 21.a4 Nc8 22.Rab1 b6
23.Qc2 Nd6 24.Nxe6 fxe6 25.e5 Nf5 26.a5 Rb8 27.f4 Rfc8 28.Rec1 Rc7 29.b5 axb5
30.axb6 Rcc8 31.Bxc6 Qd8 32.Ba5 Ne7 33.Qg2 Rxc6 34.Rxc6 Nxc6 35.Qxc6 g5 36.Qxe6 gxf4
37.Qf5+ Kh8 38.gxf4 Qd5 39.Rb2 b4 40.Bxb4 Rg8 41.Rg2 Qb3 42.Be1 Qxb6 43.Qe4 Qc5
44.h3 Rb8 45.Kh2 Rb1 46.e6 Rb8 47.Bf2 Qd6 48.Rxg7 Kxg7 49.Bxd4+ Kf8 50.Qf5+ Ke8
51.Qf7+ Kd8 52.Qg8+ Ke7 53.Bf6+  1-0

[Event "3rd Jerry Hanken FIDE Open"]
[Site "Stillwater USA"]
[Date "2012.02.19"]
[Round "6.3"]
[White "Veal,J"]
[Black "Langer,M USA"]
[Result "0-1"]
[WhiteElo "1962"]
[BlackElo "2212"]

1.c4 e5 2.g3 Nf6 3.Bg2 d5 4.cxd5 Nxd5 5.Nf3 Nc6 6.O-O Be7 7.d3 O-O 8.Nbd2 Be6
9.a3 a5 10.Qc2 Qc8 11.b3 Bh3 12.Bb2 Bxg2 13.Kxg2 Qe6 14.e4 Nb6 15.d4 exd4
16.Nxd4 Nxd4 17.Bxd4 Rfd8 18.Bb2 a4 19.b4 Rd7 20.Rac1 Rad8 21.Nc4 Rd3 22.Rfe1 Bg5
23.f4 Bxf4 24.gxf4 Nxc4 25.Qxc4 Rd2+ 26.Kh1 Qh3  0-1

[Event "Caissa GM Feb 2012"]
[Site "Kecskemet HUN"]
[Date "2012.02.22"]
[Round "5.4"]
[White "Minko,V"]
[Black "Sax,G"]
[Result "1/2-1/2"]
[WhiteElo "2038"]
[BlackElo "2486"]

1.c4 e5 2.g3 Nc6 3.Bg2 g6 4.Nc3 Bg7 5.e4 d6 6.Nge2 f5 7.d3 Nh6 8.f3 O-O 9.Be3 f4
10.Bf2 g5 11.h3 fxg3 12.Bxg3 Nd4 13.Nxd4 exd4 14.Ne2 Nf7 15.Qd2 Ne5 16.Bxe5 Bxe5
17.h4 g4 18.f4 Bf6 19.O-O-O Rb8  1/2-1/2

[Event "TCh-ISR 2011-12"]
[Site "Israel ISR"]
[Date "2012.02.24"]
[Round "9.4"]
[White "Galburd,Y"]
[Black "Oratovsky,M"]
[Result "1/2-1/2"]
[WhiteElo "2329"]
[BlackElo "2522"]

1.c4 e5 2.g3 Nf6 3.Bg2 c6 4.a3 d5 5.cxd5 cxd5 6.d4 e4 7.Nc3 h6 8.Nh3 Nc6
9.O-O Bd6 10.f3 exf3 11.exf3 O-O 12.Nf4 Re8 13.Qd3 Bc7 14.Nfe2 Bb6 15.Kh1 Bd7
16.b4 Ne7 17.Be3 Bf5 18.Qd2 Nc8 19.Bf4 Nd6 20.Bxd6 Qxd6 21.Na4 Bc7 22.Rac1 Re7
23.Nec3 a6 24.Nc5 b6 25.Nd3 Qd7 26.Rfe1 Rae8 27.Rxe7 Rxe7 28.Kg1 Bxd3 29.Qxd3 b5
30.a4 Qe8  1/2-1/2

[Event "Caissa GM Feb 2012"]
[Site "Kecskemet HUN"]
[Date "2012.02.24"]
[Round "7.3"]
[White "Minko,V"]
[Black "Groszpeter,A"]
[Result "0-1"]
[WhiteElo "2038"]
[BlackElo "2490"]

1.c4 e5 2.g3 Nf6 3.Bg2 Nc6 4.e4 Bc5 5.Nc3 d6 6.h3 a6 7.Nge2 Nd7 8.O-O Nf8
9.d3 Ne6 10.Kh2 h5 11.Nd5 Ncd4 12.b4 Nxe2 13.Qxe2 Bd4 14.Bb2 h4 15.Bxd4 Nxd4
16.Qd1 c6 17.Ne3 hxg3+ 18.fxg3 Qg5 19.Nc2 Bg4 20.Qc1 Rxh3+ 21.Bxh3 Qh5 22.Qe3 Nxc2
23.Qf2 Bxh3 24.g4 Bxg4+ 25.Kg1 Nxa1 26.Rxa1 Bf3 27.Qg3 Qh1+  0-1

[Event "PriFO Champ RUS 2012"]
[Site "Tolyatti RUS"]
[Date "2012.02.29"]
[Round "3.18"]
[White "Faizrakhmanov,Ramil"]
[Black "Pasiev,R"]
[Result "0-1"]
[WhiteElo "2190"]
[BlackElo "2312"]

1.c4 e5 2.g3 Nc6 3.Bg2 d6 4.Nc3 Be6 5.d3 Qd7 6.Nf3 Bh3 7.O-O Bxg2 8.Kxg2 g6
9.e4 Bg7 10.Be3 Nge7 11.Qd2 f5 12.Bh6 Bxh6 13.Qxh6 O-O-O 14.a3 Ng8 15.Qe3 f4
16.Qd2 h6 17.d4 g5 18.dxe5 g4 19.Nh4 f3+ 20.Kh1 Nxe5 21.b3 Nf6 22.Rfe1 Rde8
23.Rad1 Re6 24.Qe3 Kb8 25.c5 Qc6 26.cxd6 Rxd6 27.Nf5 Rxd1 28.Rxd1 a6 29.Qd4 Nfd7
30.Ne3 Qc5 31.Kg1 Qxd4 32.Rxd4 Kc8 33.h3 h5 34.hxg4 hxg4 35.b4 c6 36.Ncd1 Kc7
37.Nf5 Rd8 38.Ng7 Nf8 39.Rxd8 Kxd8 40.Kf1 Nfd7 41.Nb2 Nf6 42.Ne6+ Kd7 43.Nc5+ Kc7
44.Ke1 b6 45.Ncd3 Nxd3+ 46.Nxd3 Nxe4 47.Ne5 Nf6 48.Kd2 Kd6 49.Nc4+ Kd5 50.Nxb6+ Kd4
51.Nc8 Ne4+ 52.Ke1 c5 53.bxc5 Nxc5 54.Nd6 Nd3+ 55.Kf1 Kc3 56.Ne4+ Kb3 57.Nf6 Ne5
58.Ke1 Kc2 59.Nd5 a5 60.a4 Nd3+ 61.Kf1 Kb3 62.Nf6 Kxa4 63.Nxg4 Kb3 64.Nh2 a4
65.Nxf3 a3 66.Nd4+ Kb2 67.Ke2 Nb4  0-1